<?xml version="1.0" encoding="UTF-8"?>
<record
    xmlns:xsi="http://www.w3.org/2001/XMLSchema-instance"
    xsi:schemaLocation="http://www.loc.gov/MARC21/slim http://www.loc.gov/standards/marcxml/schema/MARC21slim.xsd"
    xmlns="http://www.loc.gov/MARC21/slim">

  <leader>00510nam a2200193 a 4500</leader>
  <controlfield tag="001">1757826842899</controlfield>
  <controlfield tag="003">YourLibrary</controlfield>
  <controlfield tag="005">20250915121513.0</controlfield>
  <controlfield tag="008">250914s2008##################000#0#eng##</controlfield>
  <datafield tag="020" ind1=" " ind2=" ">
    <subfield code="a">9781847248527</subfield>
  </datafield>
  <datafield tag="082" ind1="0" ind2="4">
    <subfield code="a">150</subfield>
    <subfield code="b">FUR</subfield>
  </datafield>
  <datafield tag="100" ind1="1" ind2=" ">
    <subfield code="a">Furnham, Adrian,</subfield>
    <subfield code="e">author.</subfield>
  </datafield>
  <datafield tag="245" ind1="1" ind2="0">
    <subfield code="a">50 Psychology Ideas You Really Need to Know :</subfield>
  </datafield>
  <datafield tag="260" ind1=" " ind2=" ">
    <subfield code="b">Quercus Books,</subfield>
    <subfield code="c">2008.</subfield>
  </datafield>
  <datafield tag="300" ind1=" " ind2=" ">
    <subfield code="a">208 pages</subfield>
  </datafield>
  <datafield tag="650" ind1=" " ind2="0">
    <subfield code="a">Psychology.</subfield>
  </datafield>
  <datafield tag="942" ind1=" " ind2=" ">
    <subfield code="c">ENGLISH</subfield>
  </datafield>
  <datafield tag="040" ind1=" " ind2=" ">
    <subfield code="a">YourLibrary</subfield>
    <subfield code="b">eng</subfield>
    <subfield code="c">YourLibrary</subfield>
  </datafield>
  <datafield tag="999" ind1=" " ind2=" ">
    <subfield code="c">587078</subfield>
    <subfield code="d">587078</subfield>
  </datafield>
  <datafield tag="952" ind1=" " ind2=" ">
    <subfield code="0">0</subfield>
    <subfield code="1">0</subfield>
    <subfield code="4">0</subfield>
    <subfield code="7">0</subfield>
    <subfield code="a">ACL</subfield>
    <subfield code="b">ACL</subfield>
    <subfield code="c">3A</subfield>
    <subfield code="d">2025-09-15</subfield>
    <subfield code="l">0</subfield>
    <subfield code="o">150 FUR</subfield>
    <subfield code="p">413337</subfield>
    <subfield code="r">2025-09-15 12:15:13</subfield>
    <subfield code="w">2025-09-15</subfield>
    <subfield code="y">ENGLISH</subfield>
  </datafield>
</record>
